000 00848nam a22002057a 4500
999 _c7588
_d7588
003 AR-CdUCM
008 190320b ||||| |||| 00| 0 spa d
040 _aMUNICIPALIDAD PROVINCIAL DEL CUSCO
_cBIBLIOTECA MUNICIPAL DEL CUSCO
082 _a553.980 /
_bV84
100 _aVolski, Victor
_921430
245 _aAmérica latina, petroleo e independencia /
260 _aBuenos Aires :
_bCartago,
_c1966.
300 _a350 páginas ;
_bMapa,
_c20 cm.
505 _aLa riqueza petrolera de América Latina y su aprovechamiento -- El colonialismo petrolero y la lucha de los pueblos: etapas fundamentales de su historia -- Los monopolios petroleros, enemigos del progreso y la independencia de América Latina ...
650 _aPetroleo
_91700
650 _aColonialismo
_98132
650 _aAmérica Latina
_91130
942 _2ddc
_cLIBROS
945 _aacv